| 000 | 00617nam a2200193 i 4500 | ||
|---|---|---|---|
| 001 | 146127 | ||
| 003 | ES-MaACL | ||
| 005 | 20250826043915.0 | ||
| 007 | t| | ||
| 008 | 180528s1913 sp ||||1| spa d | ||
| 245 | 0 | 0 | _aDirección General de Contribuaciones. |
| 260 |
_aMadrid : _b[s.n.], _c1913 ( _fTalleres del Depósito de la Guerra) |
||
| 300 |
_a118 p. ; _c26 cm. |
||
| 594 | _aPrecede al tít.: Ministerio de Hacienda. | ||
| 650 | 4 |
_aImpuestos- _zEspaña _913634 |
|
| 710 | 2 |
_aEspaña. _bDirección General de Contribuciones. _9141506 |
|
| 852 |
_aES-MaACL _jC-23756(2) |
||
| 999 |
_c146127 _d146127 |
||